00673cam a22002051 450000100060000000300080000600500170001400800410003103500190007204000320009104100080012308200260013110000180015724501280017526000380030330000510034135000090039250400260040161000400042731729BD-RjUL20211209051736.0140422s1968 enkacf b 000 0 eng  a(BD-RjUL)31817 aDLCcDLCdDLCdBD-RjULbeng aeng00a285.8094212bKAH 19681 aKaye, Elaine.14aThe history of the King's Weigh House Church:ba chapter in the history of London /cwith an appendix by Nathaniel Micklem. aLondon :bAllen & Unwin,cc 1968. a176 p. :b4 plates, illus., 2 ports. ;c19 cm. a21/- aBibliography: p. 171.10aLondon.bKing's Weigh House Church.